| 000 | 02119nam a2200493 i 4500 | ||
|---|---|---|---|
| 001 | 25875 | ||
| 003 | KOSZ 005 | ||
| 005 | 20200804112050.0 | ||
| 008 | 200804s1973 pl a f 100 0 pol | ||
| 015 | _aUWD 1973/8251 | ||
| 035 | _a991034902879705066 | ||
| 035 | _a(PL-WaBN)b19390373-48omnis_nlop | ||
| 035 | _ab19390373 | ||
| 035 | _a(OCoLC)838958573 | ||
| 035 | _a(PL)b0000001939037 | ||
| 035 | _a(EXLNZ-48OMNIS_NETWORK)9910068647005606 | ||
| 040 |
_aWA N _cWA N _dKOSZ 005/RW |
||
| 041 | 1 |
_apol _beng _brus _hger |
|
| 046 | _k1973 | ||
| 080 | _a378 | ||
| 080 | _a378.091.3 | ||
| 245 | 0 | 0 |
_aPodstawy rozwoju procesów kształcenia w szkolnictwie wyższym : _bmateriały z konferencji naukowej, Egsdorf k. Berlina 14-18 wrzesień 1971 r. / _cMinisterstwo Nauki, Szkolnictwa Wyższego i Techniki. Międzyuczelniany Zakład Badań nad Szkolnictwem Wyższym. |
| 260 |
_aWarszawa : _bPaństwowe Wydawnictwo Naukowe, _c1973. |
||
| 300 |
_a254, [1] strony : _bilustracje ; _c24 cm. |
||
| 336 |
_aTekst _btxt _2rdacontent |
||
| 337 |
_aBez urządzenia pośredniczącego _bn _2rdamedia |
||
| 338 |
_aWolumin _bnc _2rdacarrier |
||
| 380 | _aKsiążki | ||
| 380 | _aPublikacje naukowe | ||
| 388 | 1 | _a1901-2000 | |
| 388 | 1 | _a1945-1989 | |
| 490 | 1 | _aDokumenty, Informacje, Bibliografie / Ministerstwo Nauki, Szkolnictwa Wyższego i Techniki | |
| 546 | _aTekst częściowo tłumaczony z niemieckiego. Streszczenia w języku angielskim, rosyjskim. | ||
| 650 | 7 | _aSzkolnictwo wyższe | |
| 650 | 7 | _aNauczanie | |
| 655 | 7 | _aMateriały konferencyjne | |
| 658 | _aEdukacja i pedagogika | ||
| 710 | 2 |
_aPolska _bMinisterstwo Nauki, Szkolnictwa Wyższego i Techniki. Międzyuczelniany Zakład Badań nad Szkolnictwem Wyższym. |
|
| 710 | 2 |
_aPaństwowe Wydawnictwo Naukowe _4pbl |
|
| 830 | 0 | _aDokumenty, Informacje, Bibliografie - Ministerstwo Nauki, Szkolnictwa Wyższego i Techniki | |
| 856 |
_uhttp://koha.tu.koszalin.pl/cgi-bin/koha/opac-detail.pl?biblionumber=25875 _yKatalog online BPK |
||
| 942 |
_2UKD _cKS |
||
| 999 |
_c25875 _d25875 |
||